The Supreme Court and the Constitution (Record no. 1311871)

MARC details
000 -LEADER
fixed length control field 00475nam a2200169Ia 4500
005 - DATE AND TIME OF LATEST TRANSACTION
control field 20250612164758.0
008 - FIXED-LENGTH DATA ELEMENTS--GENERAL INFORMATION
fixed length control field 008 250505s9999 xx 000 0 eng d
020 ## - INTERNATIONAL STANDARD BOOK NUMBER
International Standard Book Number 9789393850683
040 ## - CATALOGING SOURCE
Language of cataloging eng
Transcribing agency ILCL
041 ## - LANGUAGE CODE
Language code of text/sound track or separate title eng
Source of code eng
084 ## - COLON CLASSIFICATION NUMBER
Classification number Z,8:(V2) R3
100 ## - MAIN ENTRY--PERSONAL NAME
Personal name Beard, Charles A
245 #4 - TITLE STATEMENT
Title The Supreme Court and the Constitution
260 ## - PUBLICATION, DISTRIBUTION, ETC.
Place of publication, distribution, etc. Delhi
Name of publisher, distributor, etc. Law and Justice Publishing Company
Date of publication, distribution, etc. 2023
300 ## - PHYSICAL DESCRIPTION
Extent vii,127p.
942 ## - ADDED ENTRY ELEMENTS (KOHA)
Koha item type Textbook
Source of classification or shelving scheme
999 ## -
-- 1311871
-- 1311871
Holdings
Withdrawn status Lost status Damaged status Not for loan Home library Current library Date acquired Source of acquisition Cost, normal purchase price Inventory number Total checkouts Full call number Barcode Date last seen Price effective from Koha item type
        Integrated Law Course library Integrated Law Course library 7-03-24 Apple Books 325.00 003 dt. 03-07-2024   Z,8:(V2) R3 IL1863031 2025-05-06 2025-05-06 Textbook
        Integrated Law Course library Integrated Law Course library   Singhal Publications 325.00 2526 dt. 26-06-2024   Z,8:(V2) R3 IL1863422 2025-05-06 2025-05-06 Textbook
        Integrated Law Course library Integrated Law Course library   Singhal Publications 325.00 2535 dt.26-06-2024   Z2,81:(V2) R3 IL1863772 2025-05-06 2025-05-06 Textbook
Copyright @ Delhi University Library System